Die beiden Freunde; (Record no. 6436)

MARC details
000 -LEADER
fixed length control field 00614cam a22002171 4500
001 - CONTROL NUMBER
control field af 48005289
003 - CONTROL NUMBER IDENTIFIER
control field DLC
005 - DATE AND TIME OF LATEST TRANSACTION
control field 20260227110913.0
008 - FIXED-LENGTH DATA ELEMENTS--GENERAL INFORMATION
fixed length control field 890225s1943 gw 000 1 ger c
010 ## - LIBRARY OF CONGRESS CONTROL NUMBER
LC control number af 48005289
035 ## - SYSTEM CONTROL NUMBER
System control number (OCoLC)19261320
040 ## - CATALOGING SOURCE
Original cataloging agency Yale Univ. Library
Transcribing agency CU
Modifying agency DLC
042 ## - AUTHENTICATION CODE
Authentication code premarc
050 00 - LIBRARY OF CONGRESS CALL NUMBER
Classification number PT2435.M24
Item number B4 1943
100 1# - MAIN ENTRY--PERSONAL NAME
Personal name Moltke, Helmuth,
Titles and words associated with a name Graf von,
Dates associated with a name 1800-1891.
245 14 - TITLE STATEMENT
Title Die beiden Freunde;
Remainder of title eine Erzählung.
250 ## - EDITION STATEMENT
Edition statement [4. Aufl. der Feldausgabe]
260 ## - PUBLICATION, DISTRIBUTION, ETC.
Place of publication, distribution, etc. Gütersloh,
Name of publisher, distributor, etc. C. Bertelsmann
Date of publication, distribution, etc. [1943]
300 ## - PHYSICAL DESCRIPTION
Extent 62 p.
Dimensions 18 cm.
440 #0 - SERIES STATEMENT/ADDED ENTRY--TITLE
Title Kleine Feldpost-Reihe

No items available.

Powered by Koha